<?xml version="1.0" encoding="UTF-8"?><?xml-stylesheet type="text/xsl" href="static/style.xsl"?><OAI-PMH xmlns="http://www.openarchives.org/OAI/2.0/" xmlns:xsi="http://www.w3.org/2001/XMLSchema-instance" xsi:schemaLocation="http://www.openarchives.org/OAI/2.0/ http://www.openarchives.org/OAI/2.0/OAI-PMH.xsd"><responseDate>2026-04-17T12:52:24Z</responseDate><request verb="GetRecord" identifier="oai:www.recercat.cat:2117/440548" metadataPrefix="marc">https://recercat.cat/oai/request</request><GetRecord><record><header><identifier>oai:recercat.cat:2117/440548</identifier><datestamp>2025-09-01T04:01:48Z</datestamp><setSpec>com_2072_1033</setSpec><setSpec>col_2072_452951</setSpec></header><metadata><record xmlns="http://www.loc.gov/MARC21/slim" xmlns:dcterms="http://purl.org/dc/terms/" xmlns:xsi="http://www.w3.org/2001/XMLSchema-instance" xmlns:doc="http://www.lyncode.com/xoai" xsi:schemaLocation="http://www.loc.gov/MARC21/slim http://www.loc.gov/standards/marcxml/schema/MARC21slim.xsd">
   <leader>00925njm 22002777a 4500</leader>
   <datafield ind2=" " ind1=" " tag="042">
      <subfield code="a">dc</subfield>
   </datafield>
   <datafield ind2=" " ind1=" " tag="720">
      <subfield code="a">Torres Alcaide, Marc</subfield>
      <subfield code="e">author</subfield>
   </datafield>
   <datafield ind2=" " ind1=" " tag="260">
      <subfield code="c">2025-06</subfield>
   </datafield>
   <datafield ind2=" " ind1=" " tag="520">
      <subfield code="a">Aquest projecte de final de grau té com a objectiu el disseny, construcció, programació i implementació d’un panell de control integrat per a l’empresa Weidmüller, especialitzada en solucions d’electrònica, automatització i comunicació industrial. El panell que es desenvolupa serveix com a eina demostrativa per ensenyar de manera clara, funcional i interactiva diversos productes de l’empresa. El projecte es divideix en diferents etapes: la selecció dels components, el disseny físic i funcional, la construcció, el muntatge i cablejat, i finalment, la configuració i programació.  En aquest projecte s’hi ha inclòs el desenvolupament d’una visualització i la configuració d’una VPN per accedir en remot al panell. El sistema permet el control d’un motor, la gestió de llums i la monitorització de consums elèctrics i vibracions. Els resultats han estat molt satisfactoris, ja que el panell cobreix les necessitats de l’empresa. S’ha aconseguit un sistema funcional, escalable i atractiu.  El projecte també inclou un anàlisi econòmic, ambiental i social, destacant la seva contribució als objectius de desenvolupament sostenible de la innovació i l’eficiència energètica. Aquest projecte ha estat ple de reptes que han contribuït significativament al meu creixement tècnic i personal. M’ha permès aprofundir en el món industrial i treballar en un entorn molt proper a la realitat professional.</subfield>
   </datafield>
   <datafield ind1="8" ind2=" " tag="024">
      <subfield code="a">http://hdl.handle.net/2117/440548</subfield>
   </datafield>
   <datafield tag="653" ind2=" " ind1=" ">
      <subfield code="a">Àrees temàtiques de la UPC::Enginyeria electrònica</subfield>
   </datafield>
   <datafield tag="653" ind2=" " ind1=" ">
      <subfield code="a">Industries -- Automation</subfield>
   </datafield>
   <datafield tag="653" ind2=" " ind1=" ">
      <subfield code="a">Process control</subfield>
   </datafield>
   <datafield tag="653" ind2=" " ind1=" ">
      <subfield code="a">Industrial electronics</subfield>
   </datafield>
   <datafield tag="653" ind2=" " ind1=" ">
      <subfield code="a">Systems engineering</subfield>
   </datafield>
   <datafield tag="653" ind2=" " ind1=" ">
      <subfield code="a">Indústries -- Automatització</subfield>
   </datafield>
   <datafield tag="653" ind2=" " ind1=" ">
      <subfield code="a">Control de processos</subfield>
   </datafield>
   <datafield tag="653" ind2=" " ind1=" ">
      <subfield code="a">Electrònica industrial</subfield>
   </datafield>
   <datafield tag="653" ind2=" " ind1=" ">
      <subfield code="a">Enginyeria de sistemes</subfield>
   </datafield>
   <datafield ind2="0" ind1="0" tag="245">
      <subfield code="a">Automatització i comunicació industrial: disseny, construcció, programació i implementació d’un panell de control integrat</subfield>
   </datafield>
</record></metadata></record></GetRecord></OAI-PMH>